| 000 | 00559cam a2200181 i 4500 | ||
|---|---|---|---|
| 001 | 17725618 | ||
| 005 | 20170408112228.0 | ||
| 008 | 130506s2013 dcu b 001 0 eng | ||
| 020 | _a9781610916998 | ||
| 040 | _cPK-LaUMT | ||
| 082 | 0 | 0 |
_a711.409747 _223 _bWAS-N |
| 100 | 1 | _aWashburn, Alexandros | |
| 245 | 1 | 4 |
_aThe nature of urban design : _ba New York perspective on resilience / _cAlexandros Washburn |
| 260 |
_aWashington : _bOisland Press _c2013 |
||
| 300 |
_axxi, 238 p. ; _c28 cm |
||
| 650 | 0 |
_aCity planning _zNew York (State) _zNew York. |
|
| 942 | _cBK | ||
| 999 |
_c92423 _d92423 |
||